Importance of Region and Other Socio-Economic Factors in the Model of Business Efficiency

Analýza ukazovateľov ako prediktorov efektívnosti podnikania na vzorke 150 000 firiem účtujúcich v sústave podvojného účtovníctva na Slovensku. Výpočet množstva finančných ukazovateľov pomocou údajov o podnikoch, ku ktorým sú pridané sociodemografické ukazovatele. Zisťovanie sily regiónu ako predikt...

Descrizione completa

Salvato in:
Dettagli Bibliografici
Autore principale: Michňová, Mária, 1996-
Altri autori: Megyesiová, Silvia, 1969-
Natura: Capitolo di libro
Lingua:inglese
Soggetti:
Tags: Aggiungi Tag
Nessun Tag, puoi essere il primo ad aggiungerne!!

MARC

LEADER 00000naa$a2200000$$$4500
001 0283825
005 20240502074409.3
041 0 |a eng 
044 |a SK 
245 1 0 |a Importance of Region and Other Socio-Economic Factors in the Model of Business Efficiency  |c Mária Michňová, Silvia Megyesiová 
520 |a Analýza ukazovateľov ako prediktorov efektívnosti podnikania na vzorke 150 000 firiem účtujúcich v sústave podvojného účtovníctva na Slovensku. Výpočet množstva finančných ukazovateľov pomocou údajov o podnikoch, ku ktorým sú pridané sociodemografické ukazovatele. Zisťovanie sily regiónu ako prediktora ostatných ukazovateľov efektívnosti podnikov pomocou ukazovateľ rentability aktív. 
610 2 0 |a podnikanie 
610 2 0 |a aktíva 
610 2 0 |a učenie strojové 
610 2 0 |a efektívnosť 
610 2 0 |a regióny 
100 1 |a Michňová, Mária, 1996- 
700 1 |a Megyesiová, Silvia, 1969-